000 00357nam a2200145Ia 4500
008 151213s9999 xx 000 0 und d
100 _aII
245 _aLaw and Trade Marks Copyright Patents & Designs
_cII
260 _aDhaka
_bNew Warsi Book Corpration
_c2002
300 _a3260 p.
650 _aLaw
650 _aLaw
700 _aII
999 _c2237
_d2237